00408 2200157 4500001002100000008004100021035002000062245003700082100001700119260003600136300002200172020002200194084001400216082000800230990001200238INLIS000000000002889 IND  a0010-0925000236 aCatatan Sang ModelcNovanta Raja aNovanta Raja aJakartabRumahku Istanakuc2013 a272c(13 x 19 cm) a978-602-98951-3-1 a813 NOV c a813 a0755111